00926 2200313 4500001002100000005001500021035002500036007000300061008004100064020002200105040001200127082002200139084002200161084002600183245011400209260004200323300003000365650003600395700001500431700001900446700001500465850001200480990002200492990001800514990002000532990002000552990002200572990001800594INLIS00000000002525120210804105536 a0010-021700000000065ta170201s2016 yoi g ind d a978-602-6284-42-6 aYOPDDIY 223a808.810095982 a808.810095982 MAN aDEP 808.810095982 MAN aMangirit gurit :bantologi geguritan /cDInas Kebudayaan ; penyunting, Sutopo SGH, Joko Budhiarto, Andi Wisnu aYogyakarta :bDinas Kebudayaan,c2016 axii,137 halaman ;c23 cm. 4aPuisi-Kumpulan-Jawa (Geguritan)0 aSutopo SGH0 aJoko Budhiarto0 aAndi Wisnu aBPADDIY aCB-D.11/2016-1163 a53286-PD/A.17 a67428-PD/A.2021 a67428-PD/A.2021 aCB-D.11/2016-1163 a53286-PD/A.17